| 000 | 00710nam a2200229 a 4500 | ||
|---|---|---|---|
| 001 | 13709 | ||
| 003 | BD-JhCC | ||
| 005 | 20240318100406.0 | ||
| 008 | 240318b 2022b a|||| ||a| 000 0 be d | ||
| 020 | _a9789849649809 | ||
| 035 | _a(BD-JhCC)13709 | ||
| 040 |
_aBD-JhCC _dBD-JhCC |
||
| 041 | _aben | ||
| 082 |
_a891.4435 _bHOQ 2022 |
||
| 100 | _a হক, আনিসুল | ||
| 245 |
_aছোটদের বকুলমালা, ভূত এবং হাসির গল্প / _bআনিসুল হক |
||
| 260 |
_aঢাকা: _bকথা প্রকাশ; _c2022. |
||
| 300 |
_a86 p. : _bill _c22 cm. |
||
| 650 | _aবাংলা ছোট গল্প | ||
| 942 |
_2ddc _cBK |
||
| 999 |
_c13709 _d13709 |
||